[Event "RUS-Cup"]
[Site "Krasnodar"]
[Date "1998.??.??"]
[Round "7"]
[White "Tregubov, Pavel V"]
[Black "Minasian, Artashes"]
[Result "0-1"]
[WhiteElo "2560"]
[BlackElo "2570"]

1.d4 d5 2.c4 c6 3.Nf3 Nf6 4.Qc2 dxc4 5.Qxc4 Bf5 6.g3 e6 7.Bg2 Be7 8.O-O O-O
9.e3 Nbd7 10.Qe2 c5 11.Nc3 Ne4 12.Nd2 Nxd2 13.Bxd2 cxd4 14.exd4 Nf6 15.Be3 Qd7
16.Rfc1 Rac8 17.a4 a6 18.Qf3 Rc7 19.Bf4 Bd6 20.Be5 Ng4 21.Rd1 Bxe5 22.dxe5 Qc8
23.Re1 Rc5 24.Qf4 Rc4 25.Ne4 Qc7 26.b3 Rc2 27.Rac1 Rxc1 28.Rxc1 Qxe5 29.Qxe5 Nxe5
30.Nd6 Bg4 31.Bxb7 a5 32.b4 axb4 33.a5 b3 34.a6 Nd3 35.Rb1 Nc5 36.Ne4 Bf5
37.Nxc5 Bxb1 38.Nxb3 Ba2 39.a7 Bxb3 40.a8=Q Rxa8 41.Bxa8 Bd5  0-1

[Event "RUS-ch sf"]
[Site "Kstovo"]
[Date "1998.??.??"]
[Round "4"]
[White "Korobov, Ilya"]
[Black "Ariskin, Alexey"]
[Result "1-0"]
[WhiteElo "2395"]
[BlackElo "2335"]

1.d4 d5 2.c4 c6 3.Nf3 Nf6 4.Qc2 g6 5.Bf4 Bf5 6.Qb3 Qb6 7.c5 Qxb3 8.axb3 Na6
9.Nc3 Nh5 10.e3 Nxf4 11.exf4 Nc7 12.Kd2 Bg7 13.b4 a6 14.Rg1 h5 15.Ke3 f6
16.g3 Kf7 17.Bd3 Bxd3 18.Kxd3 Rae8 19.Rae1 Ne6 20.f5 gxf5 21.Nh4 Ng5 22.f4 Ne4
23.Nxf5 Nxc3 24.bxc3 Bf8 25.Nh4 e6 26.f5 e5 27.c4 e4+ 28.Kc3 Bh6 29.cxd5 cxd5
30.Ng6 Rhg8 31.Re2 Rc8 32.Ra2 e3 33.Kd3 Rge8 34.Re2 b6 35.Ra1 a5 36.cxb6 axb4
37.Ra7+ Kg8 38.Rc7 Rxc7 39.bxc7 Kf7 40.Rb2 Rc8 41.Rxb4 Rxc7 42.Rb5 Ra7 43.Nf4 Bxf4
44.gxf4 Ra3+ 45.Ke2 Ra2+ 46.Kxe3 Rxh2 47.Rxd5 Ke7 48.Ra5 Kd6 49.Ke4 Re2+
50.Kf3 Rd2 51.Ra6+ Kd5 52.Rxf6 Rd3+ 53.Ke2 Rxd4 54.Ke3 Ra4 55.Re6 Ra3+ 56.Kf2 Ra7
57.Kg3 Ra4 58.Re8 Kd6 59.f6 Ra7 60.Kh4  1-0

[Event "RUS-ch sf"]
[Site "Kstovo"]
[Date "1998.??.??"]
[Round "5"]
[White "Osokin, Alexei"]
[Black "Virovlansky, Semen"]
[Result "1/2-1/2"]
[WhiteElo "2330"]
[BlackElo "2345"]

1.d4 d5 2.c4 dxc4 3.Nf3 c6 4.a4 e6 5.e3 b5 6.b3 Bb4+ 7.Bd2 Bxd2+ 8.Qxd2 cxb3
9.axb5 Ne7 10.Qb4 Bb7 11.Nbd2 O-O 12.Nxb3 Nd7 13.bxc6 Bxc6 14.Be2 Nd5 15.Qd2 N5f6
16.O-O Bd5 17.Na5 Ne4 18.Qb4 Nb6  1/2-1/2

[Event "VfB op 5th"]
[Site "Leipzig"]
[Date "1998.??.??"]
[Round "5"]
[White "Ksieski, Zbigniew"]
[Black "Bartolomaeus, Christian"]
[Result "1-0"]
[WhiteElo "2410"]
[BlackElo "2210"]

1.d4 d5 2.c4 c6 3.Nf3 Nf6 4.Qc2 e6 5.g3 Nbd7 6.Bg2 Bd6 7.O-O O-O 8.Nbd2 e5
9.cxd5 e4 10.Nxe4 Nxe4 11.Qxe4 Nf6 12.Qd3 cxd5 13.Bg5 h6 14.Bxf6 Qxf6 15.Qb3 Re8
16.e3 Bg4 17.Nd2  1-0

[Event "RUS-Cup02"]
[Site "Moscow"]
[Date "1998.??.??"]
[Round "2"]
[White "Krasenkova, Ilena"]
[Black "Kochetov, Dmitri A"]
[Result "1/2-1/2"]
[WhiteElo "2265"]
[BlackElo "2065"]

1.d4 d5 2.c4 c6 3.Nf3 Nf6 4.Qc2 e6 5.Nbd2 Nbd7 6.e3 Bd6 7.b3 Qe7 8.Bb2 e5
9.dxe5 Nxe5 10.cxd5 Nxd5 11.a3 O-O 12.Bc4 Nf6 13.O-O Bg4 14.Nd4 Rad8 15.h3 Bh5
16.Nf5 Qc7 17.Qc3 Rfe8 18.f4 Nxc4 19.Nxc4 Bf8 20.Ne5 Nd5 21.Qe1 f6 22.Qh4 Bf7
23.Nxf7 Qxf7 24.b4 Rc8  1/2-1/2

[Event "RUS-Cup02"]
[Site "Moscow"]
[Date "1998.??.??"]
[Round "4"]
[White "Donchenko, Anatoly G"]
[Black "Volkov, Sergey"]
[Result "1/2-1/2"]
[WhiteElo "2385"]
[BlackElo "2545"]

1.c4 Nf6 2.Nf3 c6 3.d4 d5 4.Qc2 dxc4 5.Qxc4 Bf5 6.g3 e6 7.Bg2 Nbd7 8.Nc3 Be7
9.O-O O-O 10.e3 Ne4 11.Qe2 Nxc3 12.bxc3 Be4 13.c4 Qa5 14.Rd1 Qa4 15.Ne1 Bxg2
16.Kxg2 Rfd8 17.Bb2 Nb6 18.c5 Qc4 19.Nd3 Na4 20.Rab1 b6 21.cxb6 axb6 22.Ba1 c5
23.Rbc1 Qd5+ 24.e4 Qb7 25.dxc5 Nxc5 26.Nxc5 Bxc5 27.f3 f6 28.Bc3 Kf7 29.Rxd8 Rxd8
30.Be1 Rd6 31.e5 fxe5 32.Qxe5 Qd5 33.Qe2 Qd3 34.Rc2 Qxe2+ 35.Rxe2 Rd1 36.g4 Ke7
37.h4 g6 38.Bg3 Kd7 39.Bf4 Rg1+ 40.Kh2 Rb1 41.h5 gxh5 42.gxh5 Rb4 43.Kg3 Be7
44.Rd2+ Ke8  1/2-1/2

[Event "RUS-Cup02"]
[Site "Moscow"]
[Date "1998.??.??"]
[Round "5"]
[White "Lundin, Alexandr"]
[Black "Baranov, Andrey"]
[Result "1/2-1/2"]
[WhiteElo "2250"]
[BlackElo "2155"]

1.d4 d5 2.c4 c6 3.Nf3 Nf6 4.Qc2 g6 5.g3 Bg7 6.Bg2 O-O 7.O-O Bf5 8.Qb3 b6
9.Nc3 h6 10.Ne5 Be6 11.cxd5 Nxd5 12.Qa4 b5 13.Qd1 Nxc3 14.bxc3 Bxe5 15.dxe5 Qxd1
16.Rxd1 Kg7 17.Ba3 Re8 18.Rd2 a5 19.f4 Ra7 20.Kf2 Rc7 21.Bc5 Nd7 22.Be3 c5
23.Bd5 Nb6 24.Bxe6 fxe6 25.Rb2 b4 26.cxb4 Nc4 27.Rc2 Nxe3 28.Kxe3 axb4 29.Rac1 Ra8
30.Rb1 Ra4 31.Rbc1 Ra5 32.Rb2 Rca7 33.Rcc2 Ra3+ 34.Kd2 R7a5 35.Kc1 Kf7 36.Kb1 h5
37.Rb3 R3a4 38.Rbb2 Ra3 39.Rd2 Re3 40.Rb3 Re4 41.e3 Rb5 42.Rdb2 Ke8 43.Kc2 Rc4+
44.Kd2 Ra5 45.Rd3 Ra7 46.h3 Rd7 47.Rb3 Kd8 48.Rxd7+ Kxd7 49.Rd3+ Kc7 50.a3 Re4
51.Rb3 Kc6 52.axb4 Rxb4 53.Ra3 Kd5 54.Ra7 Ke4 55.Rxe7 Rb2+ 56.Kc3 Rg2 57.Rxe6 Rxg3
58.Rf6 Rxe3+ 59.Kc4 g5 60.f5 Kf4 61.e6 g4 62.hxg4 hxg4 63.Kxc5 g3 64.Kd6 g2
65.Rg6 Kxf5  1/2-1/2

[Event "RUS-Cup02"]
[Site "Moscow"]
[Date "1998.??.??"]
[Round "5"]
[White "Gorin, Igor"]
[Black "Iskusnyh, Sergei"]
[Result "1/2-1/2"]
[WhiteElo "2355"]
[BlackElo "2455"]

1.d4 d5 2.c4 c6 3.Nf3 Nf6 4.Nbd2 Bf5 5.e3 e6 6.Be2 h6 7.O-O Nbd7 8.b3 Bd6
9.Bb2 O-O 10.Ne5 Qe7 11.Re1 Rad8 12.Bf1 Bxe5 13.dxe5 Ng4 14.Qf3 Qh4 15.Qf4 g5
16.Qg3 Qxg3 17.hxg3 Ngxe5 18.e4 dxe4 19.Nxe4 Bxe4 20.Rxe4 Ng6 21.Rd4 c5 22.Rd6 Nde5
23.Rad1 Rxd6 24.Rxd6 g4 25.Be2 Re8 26.f4 gxf3 27.gxf3 f5 28.f4 Nf7 29.Rd7 Re7
30.Rd2 Nf8 31.Bf3 b6 32.g4 Kh7 33.Re2  1/2-1/2

[Event "Moscow-ch op"]
[Site "Moscow"]
[Date "1998.??.??"]
[Round "7"]
[White "Dragomarezkij, Evgeni"]
[Black "Gagarin, Vasilij"]
[Result "1/2-1/2"]
[WhiteElo "2490"]
[BlackElo "2415"]

1.d4 d5 2.c4 c6 3.Nf3 Nf6 4.Qc2 dxc4 5.Qxc4 Bf5 6.g3 e6 7.Bg2 Nbd7 8.O-O Be7
9.Nc3 O-O 10.Bg5 h6 11.Bxf6 Bxf6 12.e3 Qb6 13.a3 Rfd8 14.Rfd1 Rac8 15.b4 e5
16.Na4 Qc7 17.Nc5 exd4 18.Nxd4 Bg4 19.Rd2 Nxc5 20.bxc5 Rd7 21.Rb1 Rcd8 22.Qa4 Bxd4
23.exd4 Bf5 24.Rb4 a6 25.Rdb2 Qc8 26.h3 Bd3 27.Qa5 Rxd4 28.Rxb7 Bb5 29.Qb6 Qf5
30.Rb8 Rxb8 31.Qxb8+ Kh7 32.Qe8 Qe6 33.Qxe6 fxe6 34.Rb4 Rd1+ 35.Kh2 Ra1 36.Re4 Kg6
37.Rxe6+ Kf7 38.Rd6 Rxa3 39.Bxc6 Bxc6 40.Rxc6 Rc3 41.Rxa6 Rxc5 42.g4 h5 43.Ra3 hxg4
44.hxg4 g5 45.Kg3 Rc4 46.Re3 Kf6 47.Re2 Rc3+ 48.f3 Rb3 49.Kf2 Rd3  1/2-1/2

[Event "Goldberg mem"]
[Site "Moscow"]
[Date "1998.??.??"]
[Round "12"]
[White "Nalbandian, Tigran"]
[Black "Naer, Eugeni"]
[Result "1/2-1/2"]
[WhiteElo "2440"]
[BlackElo "2455"]

1.d4 d5 2.Nf3 Nf6 3.c4 c6 4.Qc2 g6 5.Bf4 Na6 6.Nbd2 Bg7 7.e3 O-O 8.Be2 c5
9.O-O Nb4 10.Qb3 dxc4 11.Bxc4 Nc6 12.Ne5 Nxe5 13.Bxe5 cxd4 14.Bxd4 Nd7 15.Bxg7 Kxg7
16.Qc3+ Nf6 17.Ne4 Bf5 18.Rfd1 Qc7 19.Nxf6 exf6 20.Rd4 Rac8 21.Qa3 Rfd8 22.b3 Rxd4
23.exd4 a6 24.Re1 Rd8 25.Re7 Rd7 26.Rxd7 Qxd7 27.Qb2 Be6 28.h3 g5 29.Qd2 Qd6
30.Qe3 h6 31.Be2 a5 32.Bc4 b6 33.d5 Bd7 34.a4 Kf8 35.Qd4 Kg7 36.Bb5 Bxb5
37.axb5 Kf8 38.Qc4 Qe5 39.g3 h5 40.Qc6 Qe1+ 41.Kg2 Qe4+ 42.Kh2 Qd4 43.Kg1 Ke7
44.Qc7+ Kf8 45.Qd6+ Ke8 46.Qc6+ Ke7 47.Qc7+ Kf8 48.d6 Qd1+ 49.Kh2 Qd4 50.Kg2 Qd5+
51.Kh2 Qd4 52.Kg2 Qd5+  1/2-1/2

[Event "EU-ch U14"]
[Site "Murek"]
[Date "1998.??.??"]
[Round "2"]
[White "Jianu, Vlad"]
[Black "Hanley, Craig"]
[Result "1-0"]
[WhiteElo "2225"]
[BlackElo "2010"]

1.d4 d5 2.c4 c6 3.Nf3 Nf6 4.g3 Bf5 5.Bg2 h6 6.O-O e6 7.Bf4 Nbd7 8.Nc3 g5
9.Be5 Nxe5 10.dxe5 Ne4 11.cxd5 exd5 12.Nd4 Nxc3 13.bxc3 Qd7 14.Qb3 O-O-O
15.Nxf5 Qxf5 16.Rab1 Rd7 17.c4 Qxe5 18.cxd5 c5 19.d6 b6 20.Qf3 Bxd6 21.Bh3 Rf8
22.Qc6+  1-0

[Event "Pardubice Czech op"]
[Site "Pardubice"]
[Date "1998.??.??"]
[Round "1"]
[White "Jirovsky, Milos"]
[Black "Gospodinow, Niels"]
[Result "1-0"]
[WhiteElo "2435"]
[BlackElo "2230"]

1.Nf3 Nf6 2.c4 c6 3.d4 d5 4.Qb3 dxc4 5.Qxc4 Bf5 6.g3 e6 7.Bg2 Be7 8.O-O O-O
9.Nc3 Nbd7 10.e3 Ne4 11.Rd1 Rc8 12.Nd2 Nxd2 13.Bxd2 e5 14.Be1 exd4 15.Rxd4 b5
16.Qe2 b4 17.Ne4 c5 18.Rd2 Qb6 19.Rad1 Bxe4 20.Bxe4 Nf6 21.Bd3 Rfd8 22.e4 Nd7
23.Ba6 Rc7 24.Bb5 Qe6 25.b3 g5 26.f4 gxf4 27.gxf4 c4 28.bxc4 a6 29.f5 Qb6+
30.Bf2 Qb7 31.f6 Bxf6 32.Bxd7 Bc3 33.Rd5  1-0

[Event "Pardubice Czech op"]
[Site "Pardubice"]
[Date "1998.??.??"]
[Round "6"]
[White "Tratar, Marko"]
[Black "Burmakin, Vladimir"]
[Result "0-1"]
[WhiteElo "2420"]
[BlackElo "2550"]

1.Nf3 d5 2.d4 c6 3.c4 Nf6 4.Qc2 g6 5.Bf4 Bf5 6.Qb3 Qb6 7.e3 Nbd7 8.h3 Bg7
9.Nc3 O-O 10.g4 Be4 11.Nxe4 Nxe4 12.Bd3 Qa5+ 13.Ke2 e5 14.dxe5 Bxe5 15.Bxe5 Nxe5
16.Bxe4 dxe4 17.Ng5 Nxg4 18.Nxe4 Ne5 19.f4 Nd7 20.Qxb7 Qh5+ 21.Kf2 Qh4+ 22.Kf3 Nc5
23.Qxc6 Rac8 24.Qd5 Nxe4 25.Qxe4 Rfe8 26.Qd4  0-1

[Event "Pardubice Czech op"]
[Site "Pardubice"]
[Date "1998.??.??"]
[Round "8"]
[White "Konopka, Michal"]
[Black "Pcola, Pavel"]
[Result "1-0"]
[WhiteElo "2445"]
[BlackElo "2420"]

1.d4 d5 2.c4 c6 3.Nf3 Nf6 4.Qb3 e6 5.g3 Bd6 6.Bg2 O-O 7.O-O Nbd7 8.Nc3 dxc4
9.Qxc4 e5 10.Bg5 h6 11.Bxf6 Qxf6 12.Ne4 Qe7 13.Nxd6 Qxd6 14.Rad1 Nb6 15.Qc2 exd4
16.Nxd4 Qf6 17.e4 Bd7 18.Rfe1 Rad8 19.e5 Qe7 20.h3 Qb4 21.b3 Nd5 22.Bxd5 cxd5
23.Kg2 Rc8 24.Qd2 Qb6 25.f4 Qg6 26.Qd3 Qh5 27.f5 Rce8 28.Qf3 Qxf3+ 29.Kxf3 Re7
30.Re3 Rfe8 31.Rde1 Bc8 32.g4 a6 33.Kf4 g6 34.h4 Rc7 35.R1e2 Rc1 36.Re1 Rc7
37.e6 Kg7 38.Ke5 fxe6 39.fxe6 b5 40.Kd6 Rb7 41.g5 hxg5 42.hxg5 b4 43.Rf3 a5
44.Rf6 Ra7 45.Ref1 Ra6+ 46.Ke5  1-0

[Event "Paris op"]
[Site "Paris"]
[Date "1998.??.??"]
[Round "2"]
[White "Guyard, Bertrand"]
[Black "Rausis, Igors"]
[Result "0-1"]
[WhiteElo "2205"]
[BlackElo "2535"]

1.d4 d5 2.c4 dxc4 3.Nf3 c6 4.a4 Nf6 5.Nc3 Bf5 6.e3 e6 7.Bxc4 Bb4 8.O-O Nbd7
9.Qe2 Bg6 10.Rd1 O-O 11.Na2 Bd6 12.b4 Nb6 13.Bb3 Nbd5 14.Bd2 Ne4 15.Be1 Bh5
16.Qd3 f5 17.Rac1 Bxf3 18.gxf3 Qh4 19.fxe4 fxe4 20.Qc2  0-1

[Event "Paris op"]
[Site "Paris"]
[Date "1998.??.??"]
[Round "4"]
[White "Karr, Jean Philipp"]
[Black "Rausis, Igors"]
[Result "1/2-1/2"]
[WhiteElo "2360"]
[BlackElo "2535"]

1.d4 d5 2.c4 c6 3.Nf3 dxc4 4.e3 Be6 5.Nc3 b5 6.a4 b4 7.Ne4 Nf6 8.Nc5 Bd5
9.Ne5 e6 10.f3 Bxc5 11.dxc5 Nbd7 12.Qd4 O-O 13.e4 Nxe5 14.Qxe5 Nd7 15.Qd6 Qh4+
16.g3 Qf6 17.exd5 Qxf3 18.dxc6 Qe4+ 19.Kf2 Ne5 20.c7 f6 21.Kg1 Nf3+ 22.Kf2 Ne5
23.Kg1 Nf3+ 24.Kf2  1/2-1/2

[Event "Paris op"]
[Site "Paris"]
[Date "1998.??.??"]
[Round "9"]
[White "Kapetanovic, Armin"]
[Black "Royer, Sylvain"]
[Result "1-0"]
[WhiteElo "2465"]
[BlackElo "2200"]

1.d4 d5 2.Nf3 Nf6 3.c4 c6 4.Qc2 dxc4 5.Qxc4 Bf5 6.Nc3 Nbd7 7.g3 e6 8.Bg2 Be7
9.O-O O-O 10.Re1 Ne4 11.Bf4 Nb6 12.Qb3 a5 13.a4 Bb4 14.Nh4 Qxd4 15.Nxe4 Bxe4
16.Be3 Qc4 17.Qxc4 Nxc4 18.Bxe4 Nxe3 19.fxe3 Bxe1 20.Rxe1 Rfd8 21.Nf3 e5
22.Rc1 g6 23.g4 f6 24.Bd3 Kg7 25.Kf2 Rd7 26.e4 Rad8 27.Ke3 Rh8 28.h4 h6 29.Rc5 g5
30.h5 Ra8 31.Nd2 Rc7 32.Nc4 Kf8 33.b3 Kf7 34.Rxa5 Rxa5 35.Nxa5 Ke7 36.Nc4 b5
37.axb5 cxb5 38.Nb6  1-0

[Event "Paris op"]
[Site "Paris"]
[Date "1998.??.??"]
[Round "9"]
[White "Ikonnikov, Vyacheslav"]
[Black "Legky, Nikolay A"]
[Result "1-0"]
[WhiteElo "2555"]
[BlackElo "2465"]

1.d4 Nf6 2.Nf3 d5 3.c4 c6 4.Qc2 e6 5.Bg5 Nbd7 6.e3 Qa5+ 7.Nbd2 Ne4 8.Bf4 Bb4
9.Bd3 Nxd2 10.Nxd2 e5 11.dxe5 dxc4 12.Bxc4 Nxe5 13.O-O Bxd2 14.Bxe5 Qxe5
15.Qxd2 O-O 16.Rfd1 Re8 17.Qb4 Qc7 18.Rd6 c5 19.Qd2 Bg4 20.f3 Rad8 21.Rd1 Rxd6
22.Qxd6 Qxd6 23.Rxd6 Bc8 24.e4 a6 25.a4 Kf8 26.a5 Be6 27.Bxe6 Rxe6 28.Rxe6 fxe6
29.f4 Ke7 30.g4 Kd6 31.Kf2 b5 32.axb6 Kc6 33.f5 Kxb6 34.fxe6 Kc7 35.Ke3 Kd6
36.Kd3 Kxe6 37.Kc4 Kd6 38.e5+ Kxe5 39.Kxc5 h6 40.Kb6 Kd5 41.Kxa6 Kc4 42.Kb6 Kb3
43.Kc5 Kxb2 44.Kd4 Kc2 45.Ke3 Kd1 46.h4 Ke1 47.g5 hxg5 48.hxg5 Kf1 49.Kf3 Kg1
50.Kg3 Kf1 51.g6  1-0

[Event "World op"]
[Site "Philadelphia"]
[Date "1998.??.??"]
[Round "6"]
[White "Whitehead, Jay E"]
[Black "Delaune, Richard K"]
[Result "0-1"]
[WhiteElo "2410"]
[BlackElo "2365"]

1.d4 d5 2.c4 c6 3.Nf3 Nf6 4.Qc2 g6 5.Nc3 Bg7 6.e4 dxe4 7.Nxe4 Nxe4 8.Qxe4 Bf5
9.Qh4 h6 10.Be2 Nd7 11.O-O g5 12.Qg3 Nf6 13.h3 Ne4 14.Qh2 Bxd4 15.Nxd4 Qxd4
16.Be3 Qxb2 17.Rab1 Qf6 18.Rxb7 O-O 19.f4 Nc3 20.Bh5 Bd3 21.Re1 Rad8 22.fxg5 hxg5
23.Qg3 Ne4 24.Qg4 Qc3 25.Rc1 Qe5 26.Re1 Nf6 27.Qf3 Be4 28.Qe2 Bd3 29.Qf3 Be4
30.Qe2 Qg3 31.Rb3 Nxh5 32.Bb6 Bd3 33.Bxd8 Nf4 34.Bxe7 Nxe2+ 35.Rxe2 Re8 36.Bd6 Qxd6
37.Rxe8+ Kg7 38.Re3 Bxc4 39.Ra3 a6 40.Rg3 Kg6 41.h4 Qd4+  0-1

[Event "Plzen opJ-C"]
[Site "Plzen"]
[Date "1998.??.??"]
[Round "2"]
[White "Tenk, P."]
[Black "Snajdr, Jiri"]
[Result "1/2-1/2"]
[WhiteElo "1835"]
[BlackElo "2100"]

1.d4 d5 2.Nf3 Nf6 3.c4 c6 4.Qc2 e6 5.g3 Nbd7 6.Bg2 Bb4+ 7.Bd2 Qe7 8.O-O O-O
9.Bxb4 Qxb4 10.Nbd2 b6 11.Rac1 Ba6 12.Rfe1 Rac8 13.b3 Qd6 14.e4 dxe4 15.Nxe4 Nxe4
16.Qxe4 c5 17.Rcd1 Nf6 18.Qe5 Qc7 19.Qxc7 Rxc7 20.Ne5  1/2-1/2

[Event "Saint Quentin op"]
[Site "Saint Quentin"]
[Date "1998.??.??"]
[Round "4"]
[White "Todorov, Ognjan"]
[Black "Thierry, Patrice"]
[Result "1-0"]
[WhiteElo "2335"]
[BlackElo "2135"]

1.d4 d5 2.Nf3 Nf6 3.c4 c6 4.Qc2 Bg4 5.Ne5 Bh5 6.cxd5 cxd5 7.e3 Nbd7 8.Qb3 Qc7
9.Nc3 e6 10.Bd2 a6 11.Rc1 Qb6 12.Qa4 Qb4 13.Qc2 Qd6 14.Qb3 Qb6 15.Qa4 Qb4
16.Qc2 Qd6 17.Nxd7 Nxd7 18.Na4 Bg6 19.Qb3 b5 20.Nc5 Rc8 21.a4 Nxc5 22.dxc5 Rxc5
23.Rxc5 Qxc5 24.axb5 Bc2 25.Qa2 axb5 26.Qa8+ Ke7 27.Be2 g6 28.Qb7+ Kd6 29.Bxb5 f6
30.Bc3  1-0

[Event "Santiago Esucomex op"]
[Site "Santiago"]
[Date "1998.??.??"]
[Round "5"]
[White "Araya, Ricardo"]
[Black "Rojas, Luis"]
[Result "0-1"]
[WhiteElo "2295"]
[BlackElo "2455"]

1.d4 d5 2.c4 dxc4 3.Nf3 c6 4.a4 b5 5.e3 e6 6.axb5 cxb5 7.b3 Bb4+ 8.Bd2 Bxd2+
9.Nbxd2 a5 10.bxc4 b4 11.c5 Nf6 12.Bb5+ Bd7 13.Qa4 O-O 14.O-O Nd5 15.Bxd7 Qxd7
16.Nc4 Nc6 17.Qb3 a4 18.Qd3 b3 19.e4 Ndb4 20.Qc3 Nc2 21.Nb6 N6xd4 22.Qxc2 Nxc2
23.Nxd7 Nxa1 24.Nxf8 Kxf8 25.Nd2 Nc2 26.Rc1 Rc8 27.Rb1 Nd4 28.Kf1 Rxc5 29.Ke1 b2  0-1

[Event "Liechtenstein op"]
[Site "Schaan"]
[Date "1998.??.??"]
[Round "2"]
[White "Paillard, Denis"]
[Black "Khenkin, Igor"]
[Result "0-1"]
[WhiteElo "2275"]
[BlackElo "2565"]

1.d4 d5 2.c4 c6 3.Nf3 dxc4 4.g3 Nf6 5.Bg2 g6 6.a4 Bg7 7.O-O O-O 8.Na3 Be6
9.Qc2 Na6 10.Nxc4 Nb4 11.Qc3 a5 12.Na3 c5 13.Qxc5 Ne4 14.Qb5 Bd7 15.Qc4 Bxa4
16.e3 Rc8 17.Qe2 Bc6 18.Rd1 Qd5 19.Qf1 Ba4 20.Re1 f5 21.Nd2 e5 22.Nf3 Rfd8
23.Kh1 Nd3 24.Re2 Bd1 25.Rd2 Nxd2  0-1

[Event "RUS-ch"]
[Site "Sochi"]
[Date "1998.??.??"]
[Round "4"]
[White "Doroshkievich, Vladimir K"]
[Black "Ljubarskij, Jurij"]
[Result "1-0"]
[WhiteElo "2370"]
[BlackElo "2340"]

1.d4 d5 2.Nf3 Nf6 3.c4 c6 4.Qc2 Bg4 5.Ne5 Bh5 6.cxd5 Qxd5 7.e3 e6 8.Bd2 Bg6
9.Nxg6 hxg6 10.Nc3 Qd6 11.Qb3 Qb4 12.Qxb4 Bxb4 13.a3 Bd6 14.Be2 Nbd7 15.h3 Nb6
16.O-O e5 17.dxe5 Bxe5 18.Rfd1 O-O 19.Be1 Rfe8 20.Rac1 Nbd5 21.Nxd5 Nxd5
22.Rd2 Rac8 23.b3 Bc7 24.Bf3 Nf6  1-0

[Event "St Petersburg-ch (Women)"]
[Site "St Petersburg"]
[Date "1998.??.??"]
[Round "?"]
[White "Rakitskaja, M."]
[Black "Razuvajeva, Julia"]
[Result "1-0"]
[WhiteElo "2160"]
[BlackElo "2115"]

1.d4 d5 2.c4 c6 3.Nf3 Nf6 4.Qc2 g6 5.Bf4 Bg7 6.e3 Bf5 7.Qb3 Bxb1 8.Rxb1 Qb6
9.Qxb6 axb6 10.h3 O-O 11.a3 Nbd7 12.Be2 Ra4 13.cxd5 Nxd5 14.Bh2 b5 15.O-O N5b6
16.Rbc1 Re8 17.Rfd1 b4 18.axb4 Rxb4 19.Rc2 Ra8 20.Ne1 Ra2 21.Nd3 Rb3 22.Bf1 Nd5
23.Rcd2 Ra8 24.g4 N5b6 25.Nc1 Rb4 26.b3 Nd5 27.Bc4 Nc3 28.Rf1 Ne4 29.Rc2 Nd6
30.Nd3 Rb6 31.Nc5 Nf6 32.Bd3 Nd5 33.Rd2 Rb4 34.Rb1 b6 35.Na6 Rb5 36.Bxb5 Nxb5
37.Nb8 Ndc3 38.Rc1 Ra3 39.b4 Ne4 40.Rdc2 Bf6 41.Rxc6 Nbc3 42.Kg2 Bh4 43.Nd7 Nd5
44.Nxb6 Nxb4 45.Rc8+ Kg7 46.Kf3 Ng5+ 47.Kg2 Ne4 48.Ra8 Rb3 49.Nc4 Bxf2 50.Ra3 Rxa3
51.Nxa3 Nd3 52.Rd1 Ne1+ 53.Kh1 Ng5 54.Bf4 Ngf3 55.Nc4 g5 56.Bc7 h5 57.Ba5 hxg4
58.hxg4 f5 59.Bxe1 Nxe1 60.Rd2 Bh4 61.gxf5 g4 62.Rh2 Nf3 63.Re2 Kf6 64.e4 Nxd4
65.Ra2 Kg5 66.Ne5 Nf3 67.Ng6 g3 68.Nxe7 Kg4 69.Nd5 Ne1 70.f6 Bxf6 71.Nxf6+ Kh3
72.Ra3 Kh4 73.e5 Nc2 74.Rc3 Nd4 75.Rc4  1-0

[Event "Petrov mem"]
[Site "St Petersburg"]
[Date "1998.??.??"]
[Round "5"]
[White "Yakovich, Yuri"]
[Black "Rusanov, Michail"]
[Result "1-0"]
[WhiteElo "2570"]
[BlackElo "2410"]

1.d4 d5 2.c4 c6 3.Nf3 Nf6 4.Qc2 g6 5.Bf4 Bg7 6.e3 O-O 7.Nc3 Qa5 8.Qd2 Nbd7
9.a3 dxc4 10.Bxc4 Nh5 11.Bg5 e5 12.O-O exd4 13.exd4 Nb6 14.Ba2 Be6 15.Bxe6 fxe6
16.Ne4 Qxd2 17.Bxd2 Rfe8 18.Rfe1 Nc4 19.Bc3 Nf4 20.b3 Nb6 21.Bd2 Nfd5 22.Nc5 Re7
23.Nxe6 Nd7 24.Nxg7 Rxe1+ 25.Rxe1 Kxg7 26.Ng5 N7f6 27.f3 Ne8 28.Kf2 Nd6 29.g4 Rh8
30.Kg3 Rc8 31.a4 Kg8 32.Bf4 Nf7 33.Ne4 Re8 34.Be5 Kf8 35.f4 Nd8 36.Nd6 Re7
37.f5 Rd7 38.Rf1 Kg8 39.Ne4 Rf7 40.Ng5 Rd7 41.Ne4 Rf7 42.Rf3 Re7 43.Nf6+ Nxf6
44.Bxf6 Rd7 45.Kf4 Nf7 46.Re3 Kf8 47.fxg6 hxg6 48.Re6 a6 49.h4 Nh6 50.Be5  1-0

[Event "SVK-chT1E 9899"]
[Site "SVK"]
[Date "1998.??.??"]
[Round "1"]
[White "Lisko, Frantisek"]
[Black "Pal, Peter"]
[Result "1/2-1/2"]
[WhiteElo "2315"]
[BlackElo "2225"]

1.d4 d5 2.c4 c6 3.Nf3 Nf6 4.Qb3 g6 5.Bf4 Bg7 6.e3 O-O 7.Nc3 Qa5 8.Bd3 Nbd7
9.O-O Nb6 10.Nd2 dxc4 11.Nxc4 Nxc4 12.Bxc4 Nh5 13.Bg3 b5 14.Be2 Nxg3 15.hxg3 Be6
16.Qc2 Rac8 17.a4 b4 18.Ne4 Bf5 19.Qc5 Qc7 20.Ng5 b3 21.e4 Bd7 22.Rfd1 h6
23.Nf3 Bg4 24.Ra3 Bxf3 25.gxf3 e5 26.dxe5 Bxe5 27.Rxb3 Rfd8 28.f4 Rxd1+ 29.Bxd1 Qd7
30.Bf3 Bd4 31.Qc4 c5 32.e5 Kg7 33.Kg2 h5 34.Bd5 Rc7 35.Bf3 h4 36.g4 h3+ 37.Kg3 Qe7
38.g5 Rd7 39.Kxh3 Bxf2 40.Bd5 Qd8 41.Rf3 Rxd5 42.Rxf2 Rd1 43.e6  1/2-1/2

[Event "SVK-chT 9798"]
[Site "SVK"]
[Date "1998.??.??"]
[Round "5"]
[White "Likavsky, Tomas"]
[Black "Dovzik, Juri"]
[Result "1/2-1/2"]
[WhiteElo "2280"]
[BlackElo "2375"]

1.d4 d5 2.c4 c6 3.Nf3 Nf6 4.Nbd2 Bf5 5.g3 e6 6.Bg2 h6 7.O-O Be7 8.b3 a5 9.a3 O-O
10.Bb2 Nbd7 11.Ne5 Nxe5 12.dxe5 Ne4 13.Nxe4 dxe4 14.Qd4 Qxd4 15.Bxd4 Rfd8
16.e3 c5 17.Bc3 Rd3 18.Rfc1 b6 19.Bf1 Rd7 20.h3 Rad8 21.g4 Bg6 22.Be2 f6
23.exf6 Bxf6 24.Ra2 Bxc3 25.Rxc3 Rd2 26.Rcc2 Rxc2 27.Rxc2 Be8 28.Rb2 Kf7
29.b4 cxb4 30.axb4 a4 31.Ra2 Ra8 32.Kf1 a3 33.Ke1 Ra4 34.Kd2 Rxb4 35.Kc3 Ra4
36.Kb3 Ke7 37.Rxa3 Ra5 38.Rxa5 bxa5 39.c5 Bc6 40.Bd1 Kf6 41.Ka3 Ke5 42.Bb3 Bb5
43.h4 g5 44.hxg5 hxg5 45.Ba4 Be2 46.Bb3 Bb5 47.Ba4 Be2 48.Bc6 Bd1 49.Bb7 Bc2
50.Ba8 Bd1 51.Bc6 Bc2 52.Bb7  1/2-1/2

[Event "SVE-chT 9798"]
[Site "Sweden"]
[Date "1998.??.??"]
[Round "9"]
[White "Bjork, Carl Magnus"]
[Black "Akesson, Joel"]
[Result "1-0"]
[WhiteElo "2320"]
[BlackElo "2290"]

1.d4 d5 2.c4 c6 3.Nf3 Nf6 4.g3 dxc4 5.Bg2 b5 6.a4 Bb7 7.Nc3 Nd5 8.O-O a6
9.e4 Nxc3 10.bxc3 g6 11.e5 e6 12.Ng5 Be7 13.Ne4 Nd7 14.Bh6 Rg8 15.h4 Qc7
16.Qf3 Rb8 17.Rfb1 Nb6 18.Bg5 Nd5 19.Bxe7 Qxe7 20.Nc5 Kf8 21.axb5 cxb5 22.Nxa6 Nb4
23.Nxb8 Bxf3 24.Bxf3 Nd5 25.Bxd5 exd5 26.Rxb5 Kg7 27.Rab1 Qc7 28.Na6 Qc6
29.Rb6 Qa4 30.Nb4 Rd8 31.Ra6 Qd7 32.Rba1 Qf5 33.Re1 Qf3 34.Re3 Qd1+ 35.Kg2 Qb3
36.Ra5 Qb2 37.Nxd5 Qb7 38.Kh2 Rxd5 39.Ra4 Qb2 40.Rf3 Qc2 41.Rf4 Qd2 42.Ra7 Qxc3
43.Rfxf7+ Kg8 44.Rfc7 Rd8 45.Rg7+ Kh8 46.Rxh7+ Kg8 47.Rag7+ Kf8 48.e6 Re8
49.Rxg6 Rxe6 50.Rxe6 Qxd4 51.Re2 Qd3 52.Rhe7 c3 53.R7e3 Qd1 54.Rf3+ Kg8 55.Re8+ Kg7
56.Rxc3 Qd4 57.Rf3 Qd5 58.Rf4 Kg6 59.Rg8+ Kh6 60.Rg5 Qf7 61.Kg1 Qb7 62.Rf6+ Kh7
63.Kh2 Qb2 64.Rgf5 Qc2 65.Rf7+ Kg8 66.Rf4 Qe2 67.R4f5 Qc2 68.h5 Qd2 69.Kh3 Qd1
70.Rf8+ Kg7 71.R5f7+  1-0

[Event "Tampere ELO Taraus"]
[Site "Tampere"]
[Date "1998.??.??"]
[Round "8"]
[White "Maki Uuro, Miikka"]
[Black "Molander, Riku"]
[Result "1-0"]
[WhiteElo "2315"]
[BlackElo "2235"]

1.d4 d5 2.c4 c6 3.Nf3 Nf6 4.Qc2 e6 5.g3 Bd6 6.Bg2 O-O 7.O-O Nbd7 8.Rd1 Ne4
9.Ne1 f5 10.f3 Nef6 11.Nd3 b6 12.cxd5 cxd5 13.Qc6 Qc7 14.Qxa8 Ba6 15.Qxf8+ Nxf8
16.Nc3 Ng6 17.f4 Ne4 18.e3 Nxc3 19.bxc3 Qxc3 20.Bb2 Qc2 21.Rac1 Qe2 22.Bf1 Qxe3+
23.Nf2 Bxf1 24.Kxf1 Qf3 25.Rd3 Qh5 26.Ba3 Bxa3 27.Rxa3 Qxh2 28.Rc8+ Nf8 29.Rxa7 Qxg3
30.Raa8 h6 31.Rxf8+ Kh7 32.Rh8+ Kg6 33.Rae8 Qxf4 34.Rxe6+ Kf7 35.Rxb6 Qxd4
36.Rb7+ Kg6 37.Rg8 Qc4+ 38.Kg2 Qxa2 39.Rbxg7+ Kf6 40.Rg6+ Ke5 41.Re8+ Kd4
42.Rxh6 Qd2 43.Rh4+ Kc5 44.Rc8+ Kd6 45.Rh5 f4 46.Rf5 Ke6 47.Rcf8 Qb2 48.Rxf4 Qg7+
49.Ng4 d4 50.R8f5 d3 51.Re5+ Kd6 52.Rd4+ Kc6 53.Kg3 Qh7 54.Red5 Qg8 55.Rd8 Qe6
56.Rxd3 Qe1+ 57.Nf2 Qe5+ 58.Kg2 Qg5+ 59.Kf1 Qc1+ 60.Rd1 Qf4 61.Rc8+ Kb7 62.Rc2 Qb4
63.Rdc1 Qb5+ 64.Rc4 Kb6 65.Rc2 Qd5 66.Rb2+ Ka5 67.Rc1  1-0

[Event "Tatry op"]
[Site "Tatranska Lomnica"]
[Date "1998.??.??"]
[Round "2"]
[White "Mitura, Vaclav"]
[Black "Dvorak, Tomas"]
[Result "0-1"]
[WhiteElo "2250"]
[BlackElo "2110"]

1.Nf3 Nf6 2.d4 d5 3.c4 c6 4.Qc2 dxc4 5.Qxc4 Qd5 6.Qa4 Bf5 7.Nc3 Qd8 8.g3 Nbd7
9.Bg2 e6 10.O-O Be7 11.Be3 O-O 12.Rad1 Ne4 13.Ne1 Nxc3 14.bxc3 Qc7 15.Bf4 e5
16.Bc1 Nf6 17.Nf3 Ne4 18.Bd2 exd4 19.cxd4 Nxd2 20.Nxd2 b5 21.Qb3 Rac8 22.Rc1 Qb6
23.e4 Be6 24.d5 cxd5 25.Rxc8 Rxc8 26.exd5 Bf5 27.Ne4 Bxe4 28.Bxe4 Bd6 29.Qf3 Re8
30.Qd3 g6 31.h4 Bxg3 32.h5 Be5 33.hxg6 hxg6 34.Rd1 Rb8 35.Bg2 Qc5 36.Qe2 Re8
37.Qd3 Bd6 38.Bh3 Re5 39.Kf1 a5 40.Bg4 Rg5 41.Bf3 Rf5 42.Kg2 b4 43.Qe2 Rg5+
44.Kf1 Re5 45.Qa6 Rf5 46.Qe2 Qc3 47.Rd3 Qc1+ 48.Rd1 Qf4 49.Rd3 Qh2 50.Bg2 Bc5
51.Rh3 Qf4 52.Qe8+ Bf8 53.Qe3 Qc4+ 54.Qe2 Qc1+ 55.Qe1 Qf4 56.Qe3  0-1